Capitals - Select North America Capitals on Map - Statistics

General Stats
  • This quiz has been taken 47 times
  • The average score is 16 of 23
Answers on the Map
Answers color-coded by a green-red scale on the quiz's map according to % correct below.
 
Answer Stats
Answer % Correct
Washington D.C.
100%
Mexico City
93%
Ottawa
93%
Panama City
90%
Havana
87%
Nassau
87%
San José
87%
Guatemala City
83%
San Salvador
83%
Belmopan
80%
Santo Domingo
80%
Port-au-Prince
77%
Kingston
73%
Port-of-Spain
73%
Tegucigalpa
73%
Managua
67%
Bridgetown
53%
Roseau
53%
Castries
47%
Kingstown
47%
Basseterre
40%
St. George's
40%
St. John's
37%
No matching quizzes found
Score Distribution
Percent of People with Each Score
Percentile by Number Answered
Your Score History
You have not taken this quiz